| 000 | 01000nam a2200301 a 4500 | ||
|---|---|---|---|
| 001 | |||
| 003 | OSt | ||
| 005 | 20201015091053.0 | ||
| 008 | 081126s2014 dr a 001 0 spa d | ||
| 020 | _a | ||
| 020 | _a | ||
| 040 |
_aDO-SdBNP _bspa _cDO-SdBNP |
||
| 082 |
_a370.1522 _bF981m |
||
| 100 |
_a _91132 |
||
| 110 | 2 |
_aFundación SM (República Dominicana) _976893 |
|
| 245 | 1 | 0 |
_aMemoria SM 2014 _c |
| 260 |
_a[Santo Domingo ]: _bSM, _c2014 |
||
| 300 |
_a143 p. : _bil. ; _c25 cm. |
||
| 500 | _a | ||
| 505 | 0 |
_tCarta del presidente -- _tQuienes somos? -- _tEducación -- _tLiteratura infantil y juvenil -- _tEdición religiosa -- _tAlianzas con organismos e instituciones -- _tDirectorio -- _tSedes -- _tSM República Dominicana en 2014. _t |
|
| 590 | _aInventariado,2020/VM | ||
| 650 | 7 |
_aPlanificación educativa _x _91133 _vMemoria _2Lemb |
|
| 650 | 7 |
_aGestión educativa _vMemoria _976894 _2Lemb |
|
| 650 |
_a _v _976895 |
||
| 700 |
_a _91134 |
||
| 942 |
_2ddc _cLBS1 |
||
| 956 | _aVMateo | ||
| 999 |
_c48884 _d48884 |
||